German Aircraft - Statistics

General Stats
  • This quiz has been taken 46 times
  • The average score is 9 of 13
Answers on the Grid
Answers color-coded by a green-red scale on the quiz's grid according to % correct below.
BF-109
F22
DO-335
Me-262
Fokker D.I
F15E
Gotha G.V
F16C
Junkers J1
JU-87
B747
ME 264
B737
GO 244
AH64D
B2
B21
FL 399
Fiat G91
sigma
B663
MEMEMEMEME
SISISIS
B202
BF110
JU 88
shshs
sahdhkasd
sbdhsahd
sajdhasd
 
Answer Stats
Answer % Correct
BF-109
97%
Fokker D.I
89%
Junkers J1
86%
Me-262
83%
JU-87
80%
ME 264
80%
BF110
74%
DO-335
74%
Gotha G.V
74%
JU 88
74%
FL 399
46%
GO 244
46%
Fiat G91
26%
No matching quizzes found
Score Distribution
Percent of People with Each Score
Percentile by Number Answered
Your Score History
You have not taken this quiz